[Event "DEM U12 2012"]
[Site "Oberhof GER"]
[Date "2012.05.28"]
[Round "4"]
[White "Greßmann, Moritz"]
[Black "Diener, Carolin Valeria"]
[Result "1-0"]
[Termination "normal"]
[Board "23"]
[WhiteElo "1821"]
[BlackElo "1745"]
[PlyCount "85"]
[WhiteFideId "24695084"]
[BlackFideId "24699063"]
[EventCountry "GER"]
[EventRounds "11"]
[EventType "swiss"]
[EventDate "2012.05.26"]

1. e4 e5 2. Nf3 Nc6 3. Bc4 Nf6 4. d3 h6 5. O-O d6 6. c3 Be7 7. Bb3 O-O 8. Nbd2
Nh7 9. h3 Ng5 10. Nxg5 Bxg5 11. Nf3 Bxc1 12. Rxc1 Kh8 13. d4 Qe8 14. Re1 Bd7
15. d5 Ne7 16. c4 f5 17. exf5 Bxf5 18. c5 Rc8 19. Rc3 Qf7 20. Nxe5 dxe5 21. d6
Qf6 22. dxe7 Qxe7 23. Bc2 Qe6 24. Bxf5 Rxf5 25. Qb3 Qc6 26. Rf3 Rcf8 27. Rxf5
Rxf5 28. Qc2 e4 29. Rxe4 Rxc5 30. Re8+ Qxe8 31. Qxc5 Qe1+ 32. Kh2 Qd2 33. Qxc7
Qxb2 34. Qb8+ Kh7 35. Qxa7 Qe5+ 36. g3 Qd5 37. a4 b5 38. a5 b4 39. Qb6 b3 40.
a6 Qa8 41. Qb7 Qf8 42. Kg2 Qa3 43. a7 1-0

[Event "DEM U12 2012"]
[Site "Oberhof GER"]
[Date "2012.05.28"]
[Round "4"]
[White "Usczeck, Alina"]
[Black "Piskaykin, Bogdan"]
[Result "0-1"]
[Termination "normal"]
[Board "24"]
[WhiteElo "1255"]
[BlackElo "1560"]
[PlyCount "42"]
[WhiteFideId "12938114"]
[BlackFideId "12941212"]
[EventCountry "GER"]
[EventRounds "11"]
[EventType "swiss"]
[EventDate "2012.05.26"]

1. e4 c5 2. Nc3 e6 3. f4 d5 4. Bb5+ Bd7 5. Bxd7+ Qxd7 6. d3 Nf6 7. Bd2 Be7 8.
Nf3 Nc6 9. O-O O-O 10. Qe1 Rad8 11. Qg3 dxe4 12. dxe4 Nd4 13. Ne1 Nxe4 14. Qe3
Nxd2 15. Qxd2 Qc6 16. Qe3 c4 17. Kh1 Nf5 18. Qxa7 e5 19. fxe5 Bc5 20. Qa4 Ng3+
21. hxg3 Qh6# 0-1

[Event "DEM U12 2012"]
[Site "Oberhof GER"]
[Date "2012.05.28"]
[Round "4"]
[White "Spitzl, Vinzent"]
[Black "Schirra, Maurice"]
[Result "0-1"]
[Termination "normal"]
[Board "25"]
[WhiteElo "1725"]
[BlackElo "1617"]
[PlyCount "80"]
[WhiteFideId "12901253"]
[BlackFideId "12941115"]
[EventCountry "GER"]
[EventRounds "11"]
[EventType "swiss"]
[EventDate "2012.05.26"]

1. e4 e5 2. Nf3 Nf6 3. Nxe5 d6 4. Nf3 Nxe4 5. Nc3 Nf6 6. d4 d5 7. Bg5 Be7 8.
Be2 O-O 9. O-O Nc6 10. Re1 Re8 11. Bb5 Bg4 12. Qd2 Bxf3 13. gxf3 Qd6 14. Bf4
Qd7 15. Kg2 Rac8 16. Re2 a6 17. Ba4 b5 18. Bb3 Nd8 19. Rae1 Ne6 20. Be5 c6 21.
a4 b4 22. Na2 a5 23. c3 c5 24. Bxf6 Bxf6 25. dxc5 Bg5 26. Qd1 Nf4+ 27. Kh1 Nxe2
28. Rxe2 Rxe2 29. Qxe2 Re8 30. Qd1 Bf4 31. Qxd5 Qe7 32. cxb4 Qf6 33. Qh5 Re5
34. Qg4 h5 35. Qc8+ Kh7 36. Kg2 Qg5+ 37. Kf1 Bxh2 38. Bc2+ f5 39. Be4 fxe4 40.
c6 exf3 0-1

[Event "DEM U12 2012"]
[Site "Oberhof GER"]
[Date "2012.05.28"]
[Round "4"]
[White "Köhler, Inken"]
[Black "Dallinger, Moritz"]
[Result "1/2-1/2"]
[Termination "normal"]
[Board "26"]
[WhiteElo "1459"]
[BlackElo "1547"]
[PlyCount "106"]
[WhiteFideId "12929301"]
[BlackFideId "12910864"]
[EventCountry "GER"]
[EventRounds "11"]
[EventType "swiss"]
[EventDate "2012.05.26"]

1. e4 c5 2. Nf3 e6 3. b3 Qc7 4. Bb2 a6 5. Be2 b5 6. O-O Bb7 7. d3 d6 8. Nbd2
Nd7 9. Re1 Ngf6 10. Bf1 Be7 11. e5 dxe5 12. Nxe5 O-O 13. Ndf3 Bd6 14. Nxd7 Nxd7
15. g3 Rfe8 16. Bg2 Rab8 17. Qd2 Bf8 18. Ne5 Bxg2 19. Kxg2 Nxe5 20. Bxe5 Bd6
21. Qc3 Bxe5 22. Rxe5 Rbc8 23. Rae1 Red8 24. Kg1 Qc6 25. Rg5 g6 26. Qf6 Rd5 27.
Rxd5 Qxd5 28. Qe5 Qd4 29. Re4 Qxe5 30. Rxe5 Rc6 31. f4 f6 32. Re2 Kf7 33. Kf2
Rd6 34. Ke3 e5 35. fxe5 fxe5 36. c3 Ke6 37. Ke4 b4 38. cxb4 cxb4 39. Ke3 Rc6
40. d4 Kd5 41. dxe5 Kxe5 42. Kd3+ Kd5 43. Re7 h5 44. Rb7 Kc5 45. Rb8 Rd6+ 46.
Ke3 Re6+ 47. Kd3 Rd6+ 48. Ke3 a5 49. Rc8+ Kb6 50. Rc4 Kb5 51. Rc8 Rb6 52. Kd4
a4 53. Rc5+ Ka6 1/2-1/2

[Event "DEM U12 2012"]
[Site "Oberhof GER"]
[Date "2012.05.28"]
[Round "4"]
[White "Kreyssig, Bruno"]
[Black "Müller, Sophie"]
[Result "1-0"]
[Termination "normal"]
[Board "27"]
[WhiteElo "1741"]
[BlackElo "1435"]
[PlyCount "73"]
[WhiteFideId "4692489"]
[BlackFideId "12926698"]
[EventCountry "GER"]
[EventRounds "11"]
[EventType "swiss"]
[EventDate "2012.05.26"]

1. e4 e6 2. d4 d5 3. Nd2 dxe4 4. Nxe4 Nd7 5. Nf3 Ngf6 6. Nxf6+ Nxf6 7. Bc4 Be7
8. Qe2 O-O 9. O-O b6 10. Bg5 Bb7 11. Rad1 Nd5 12. Bxe7 Nxe7 13. Rfe1 Bd5 14.
Bxd5 Qxd5 15. c4 Qf5 16. d5 Rad8 17. Rc1 Rd6 18. Nd4 Qg5 19. Nb5 Rd7 20. dxe6
Rd2 21. Qe4 Rxb2 22. Nxc7 Qc5 23. exf7+ Rxf7 24. Qa8+ Rf8 25. Qxf8+ Kxf8 26.
Ne6+ Kf7 27. Nxc5 bxc5 28. Rb1 Rxa2 29. Rb7 a5 30. Rbxe7+ Kf8 31. R7e5 a4 32.
Rxc5 a3 33. Ra5 Kf7 34. g3 Rc2 35. c5 a2 36. Ra1 Ke7 37. R1xa2 1-0

[Event "DEM U12 2012"]
[Site "Oberhof GER"]
[Date "2012.05.28"]
[Round "4"]
[White "Buckels, Valentin"]
[Black "Walker, Julia"]
[Result "1-0"]
[Termination "normal"]
[Board "28"]
[WhiteElo "1805"]
[BlackElo "1370"]
[PlyCount "37"]
[WhiteFideId "12942766"]
[BlackFideId "1271852"]
[EventCountry "GER"]
[EventRounds "11"]
[EventType "swiss"]
[EventDate "2012.05.26"]

1. d4 d5 2. c4 e6 3. Nf3 c5 4. cxd5 exd5 5. g3 Nc6 6. Bg2 Nf6 7. O-O Be7 8.
dxc5 Bxc5 9. b3 O-O 10. Bb2 d4 11. Qc2 Qd6 12. Rc1 b6 13. a3 d3 14. Qxd3 Qxd3
15. exd3 Rd8 16. d4 Bxd4 17. Nxd4 Nxd4 18. Bxd4 Rb8 19. Be5 1-0

[Event "DEM U12 2012"]
[Site "Oberhof GER"]
[Date "2012.05.28"]
[Round "4"]
[White "Moses, Selina"]
[Black "Cejda, Cecilia"]
[Result "1/2-1/2"]
[Termination "normal"]
[Board "29"]
[WhiteElo "1677"]
[BlackElo "1330"]
[PlyCount "91"]
[WhiteFideId "12908070"]
[BlackFideId "12921122"]
[EventCountry "GER"]
[EventRounds "11"]
[EventType "swiss"]
[EventDate "2012.05.26"]

1. e4 e5 2. Nf3 Nc6 3. Nc3 Nf6 4. d4 exd4 5. Nxd4 Bc5 6. Nxc6 bxc6 7. Bc4 d6 8.
h3 h6 9. O-O O-O 10. Bf4 Re8 11. Qf3 Bb4 12. Rfe1 Bxc3 13. bxc3 d5 14. exd5
cxd5 15. Rxe8+ Qxe8 16. Bxd5 Nxd5 17. Qxd5 Be6 18. Qd3 c5 19. Qe3 Qa4 20. Bd6
Qxc2 21. Bxc5 Bxa2 22. Bxa7 Bd5 23. Rc1 Qb3 24. c4 Be6 25. Bd4 Qb4 26. Qe5 Qf8
27. c5 Re8 28. Qd6 Qxd6 29. cxd6 Rd8 30. Be5 f6 31. Bg3 g5 32. h4 f5 33. hxg5
hxg5 34. Be5 Kf7 35. f4 gxf4 36. Bxf4 Bd5 37. g3 Rd7 38. Rc7 Ke8 39. Kf2 Rxc7
40. dxc7 Kd7 41. Ke3 Bc6 42. Kd4 Kc8 43. Ke5 Be4 44. Ke6 Bb1 45. Ke7 Bd3 46.
Be5 1/2-1/2

[Event "DEM U12 2012"]
[Site "Oberhof GER"]
[Date "2012.05.28"]
[Round "4"]
[White "Sauer, Annika"]
[Black "Edelmann, Jonas"]
[Result "1/2-1/2"]
[Termination "normal"]
[Board "30"]
[WhiteElo "1501"]
[BlackElo "1289"]
[PlyCount "43"]
[WhiteFideId "12952052"]
[EventCountry "GER"]
[EventRounds "11"]
[EventType "swiss"]
[EventDate "2012.05.26"]

1. e4 c5 2. Nf3 e6 3. d4 cxd4 4. Nxd4 a6 5. Nc3 b5 6. a3 Bb7 7. Be2 d6 8. Be3
Nd7 9. O-O Ngf6 10. Qd3 Qc7 11. f3 Be7 12. Nb3 Ne5 13. Qd1 O-O 14. Nd2 Rac8 15.
Bd4 d5 16. f4 Ng6 17. e5 Ne4 18. Rc1 f5 19. g3 Bc5 20. Nf3 Qb6 21. Kg2 Bxd4 22.
Nxd4 1/2-1/2

[Event "DEM U12 2012"]
[Site "Oberhof GER"]
[Date "2012.05.28"]
[Round "4"]
[White "Lai Hop, Long"]
[Black "Hesse, Henrik"]
[Result "0-1"]
[Termination "normal"]
[Board "31"]
[WhiteElo "1331"]
[BlackElo "1489"]
[PlyCount "50"]
[WhiteFideId "12942707"]
[BlackFideId "12952060"]
[EventCountry "GER"]
[EventRounds "11"]
[EventType "swiss"]
[EventDate "2012.05.26"]

1. e4 e5 2. Nf3 Nf6 3. Nxe5 d6 4. Nf3 Nxe4 5. d4 d5 6. Bd3 Nc6 7. O-O Be7 8.
Re1 Bg4 9. c3 f5 10. h3 Bh5 11. Bf4 O-O 12. Nbd2 Bd6 13. Bxd6 Qxd6 14. Be2 Rae8
15. Nxe4 fxe4 16. Nd2 Bxe2 17. Qxe2 Qg6 18. Nb3 Nd8 19. c4 c6 20. cxd5 cxd5 21.
Rac1 Ne6 22. g3 Nf4 23. Qb5 Nxh3+ 24. Kg2 Rxf2+ 25. Kh1 Nf4 0-1

[Event "DEM U12 2012"]
[Site "Oberhof GER"]
[Date "2012.05.28"]
[Round "4"]
[White "Ott, Josef Sebastian"]
[Black "Steffens, Oliver"]
[Result "1-0"]
[Termination "normal"]
[Board "32"]
[WhiteElo "1478"]
[BlackElo "1262"]
[PlyCount "91"]
[WhiteFideId "12952079"]
[BlackFideId "12947148"]
[EventCountry "GER"]
[EventRounds "11"]
[EventType "swiss"]
[EventDate "2012.05.26"]

1. e4 c5 2. Nc3 Nc6 3. f4 d6 4. Nf3 g6 5. Bb5 Bd7 6. O-O a6 7. Bxc6 Bxc6 8. d3
Bg7 9. Qe1 Nf6 10. Kh1 O-O 11. Qh4 e6 12. Ng5 h6 13. Nf3 b5 14. f5 Nh5 15. Qh3
exf5 16. exf5 b4 17. Ne4 Re8 18. Nf2 Bxf3 19. Qxf3 Qe7 20. Ng4 Kh7 21. Bd2 g5
22. f6 Qe6 23. fxg7 Kxg7 24. Qf5 Qxf5 25. Rxf5 Re2 26. Rf2 Rae8 27. Rxe2 Rxe2
28. Rd1 f5 29. Ne3 Nf4 30. Nxf5+ Kg6 31. Bxf4 Kxf5 32. Bxd6 Rxc2 33. Rb1 a5 34.
h3 Ke6 35. Bc7 a4 36. Re1+ Kd7 37. Be5 a3 38. bxa3 Rxa2 39. axb4 cxb4 40. Rb1
Ra3 41. d4 Ra4 42. Bg7 Kc6 43. Bxh6 Kd5 44. Bxg5 Kxd4 45. Be7 Kc3 46. Bxb4+ 1-0

[Event "DEM U12 2012"]
[Site "Oberhof GER"]
[Date "2012.05.28"]
[Round "4"]
[White "Schröder, Janina"]
[Black "Wiesner, Alexander"]
[Result "0-1"]
[Termination "normal"]
[Board "33"]
[WhiteElo "1353"]
[BlackElo "1474"]
[PlyCount "118"]
[WhiteFideId "24693138"]
[BlackFideId "12943991"]
[EventCountry "GER"]
[EventRounds "11"]
[EventType "swiss"]
[EventDate "2012.05.26"]

1. e4 c6 2. d4 d5 3. Nc3 dxe4 4. Nxe4 Nf6 5. Nxf6+ exf6 6. h3 Bd6 7. Nf3 O-O 8.
Be2 Bf5 9. O-O Nd7 10. Re1 Re8 11. Be3 Qc7 12. a3 Rad8 13. Bd3 Bxd3 14. Qxd3
Nb6 15. c4 c5 16. d5 Be5 17. Rab1 Nd7 18. a4 a6 19. b3 Rb8 20. Rec1 Bd6 21. Rd1
Ne5 22. Nxe5 fxe5 23. Re1 e4 24. Qd2 b5 25. axb5 axb5 26. Qe2 bxc4 27. bxc4 f5
28. Bd2 f4 29. Rxb8 Qxb8 30. Qd1 Qb2 31. Bc1 Qc3 32. Qe2 e3 33. f3 Ra8 34. Bb2
Qb3 35. Rc1 Ra2 36. Rc2 Be5 37. Kh2 Rxb2 38. Rxb2 Qxb2 39. Qxb2 Bxb2 40. Kg1
Kf7 41. Kf1 Ke7 42. Ke2 Kd7 43. Ke1 Kc7 44. Kd1 Bf6 45. Ke1 Kb6 46. Ke2 Ka5 47.
Kd3 Kb4 48. d6 h6 49. d7 h5 50. Ke2 Kxc4 51. g3 fxg3 52. Kxe3 h4 53. f4 Kb3 54.
f5 c4 55. Ke2 c3 56. Ke1 c2 57. Kd2 g2 58. Ke3 c1=Q+ 59. Ke4 g1=Q 0-1

[Event "DEM U12 2012"]
[Site "Oberhof GER"]
[Date "2012.05.28"]
[Round "4"]
[White "Reimers, Kim"]
[Black "Torgashov, Katerina"]
[Result "1-0"]
[Termination "normal"]
[Board "34"]
[WhiteElo "1473"]
[BlackElo "1222"]
[PlyCount "103"]
[WhiteFideId "12930377"]
[BlackFideId "12938173"]
[EventCountry "GER"]
[EventRounds "11"]
[EventType "swiss"]
[EventDate "2012.05.26"]

1. e4 e5 2. Nf3 Nc6 3. d4 exd4 4. Nxd4 Bc5 5. Nxc6 Qf6 6. Qf3 Qxf3 7. gxf3 bxc6
8. Be3 Bb6 9. Nd2 d5 10. Nb3 Ne7 11. Bd4 Bxd4 12. Nxd4 Rb8 13. Nb3 Ng6 14.
O-O-O Be6 15. Rd4 O-O 16. Bd3 Rfe8 17. Ra4 Ra8 18. Nc5 Nf4 19. Ba6 Bc8 20. Bxc8
Rexc8 21. Na6 Nh3 22. Rf1 Ng5 23. c4 Nxf3 24. exd5 cxd5 25. Ra3 Ne5 26. cxd5 h6
27. Rc3 c6 28. f4 Nd7 29. dxc6 Nb8 30. Nxb8 Raxb8 31. Kd2 Rxb2+ 32. Ke3 f5 33.
Rd1 Kf7 34. Rd7+ Ke6 35. Rxg7 Rxh2 36. Rxa7 Rh3+ 37. Kd4 Rxc3 38. Kxc3 Rxc6+
39. Kd4 Kf6 40. a4 Rb6 41. Kc5 Rb8 42. a5 Rh8 43. Ra6+ Kf7 44. Ra7+ Kf6 45. Rb7
h5 46. a6 h4 47. a7 Ra8 48. Kb6 h3 49. Rh7 h2 50. Rxh2 Ke6 51. Re2+ Kd6 52. Kb7
1-0

[Event "DEM U12 2012"]
[Site "Oberhof GER"]
[Date "2012.05.28"]
[Round "4"]
[White "Vuckovic, Zarko"]
[Black "Gericke, Nicholas"]
[Result "1-0"]
[Termination "normal"]
[Board "35"]
[WhiteElo "1458"]
[BlackElo "1188"]
[PlyCount "79"]
[WhiteFideId "12952087"]
[BlackFideId "12952141"]
[EventCountry "GER"]
[EventRounds "11"]
[EventType "swiss"]
[EventDate "2012.05.26"]

1. e4 e5 2. Nf3 Nc6 3. d4 exd4 4. Bc4 Bc5 5. c3 dxc3 6. Bxf7+ Kf8 7. Bc4 Nf6 8.
Nxc3 d6 9. O-O Bg4 10. Bg5 h6 11. Bf4 Qe7 12. Qd3 Nb4 13. Qe2 Nc6 14. Qd3 Nb4
15. Qe2 Nc6 16. Qd3 Nb4 17. Qe2 Nc6 18. Be3 Nxe4 19. Bxc5 Nxc3 20. Qxe7+ Kxe7
21. Bxd6+ cxd6 22. Rfe1+ Kd7 23. bxc3 Rae8 24. Nd4 h5 25. f3 Nxd4 26. cxd4 Bf5
27. Bb5+ Kd8 28. Rxe8+ Rxe8 29. Bxe8 Kxe8 30. Rc1 Kd7 31. Kf2 a6 32. Ke3 Be6
33. a4 g5 34. a5 Bd5 35. g3 Bc6 36. f4 g4 37. f5 d5 38. Kf4 Kd6 39. Kg5 Be8 40.
Rc5 1-0

[Event "DEM U12 2012"]
[Site "Oberhof GER"]
[Date "2012.05.28"]
[Round "4"]
[White "Nguyen, Ha Thanh"]
[Black "Junk, Phillip"]
[Result "0-1"]
[Termination "normal"]
[Board "36"]
[WhiteElo "1199"]
[BlackElo "1443"]
[PlyCount "100"]
[WhiteFideId "12942154"]
[BlackFideId "12952095"]
[EventCountry "GER"]
[EventRounds "11"]
[EventType "swiss"]
[EventDate "2012.05.26"]

1. e4 e5 2. Nf3 Nc6 3. Bc4 Bc5 4. c3 Nf6 5. d3 O-O 6. O-O d6 7. h3 Be6 8. Nbd2
Qd7 9. Qe2 h6 10. Re1 Rae8 11. Bb3 d5 12. Ba4 Bd6 13. Qe3 a6 14. Bxc6 Qxc6 15.
Nb3 dxe4 16. dxe4 Bxb3 17. axb3 Bc5 18. Qe2 Qb6 19. Be3 Bxe3 20. Qxe3 Qxb3 21.
Rab1 Qb6 22. Qe2 Qc6 23. Nd2 Rd8 24. Rbd1 Rd7 25. Kh1 Rfd8 26. f3 Qb6 27. b4
Nh5 28. Kh2 Nf4 29. Nc4 Nxe2 30. Nxb6 Rxd1 31. Rxe2 cxb6 32. Re3 R8d3 33. Re2
R1d2 34. Re1 Rxf3 35. Rc1 b5 36. c4 bxc4 37. Rxc4 Rb3 38. Rc8+ Kh7 39. Rc7 Rxb4
40. Rxf7 Rxe4 41. Rxb7 a5 42. Ra7 a4 43. Kg3 Rd3+ 44. Kf2 a3 45. g3 Rb4 46. Ke2
e4 47. Rc7 Rb2+ 48. Ke1 Rxg3 49. Rf7 a2 50. Kd1 a1=Q# 0-1

[Event "DEM U12 2012"]
[Site "Oberhof GER"]
[Date "2012.05.28"]
[Round "4"]
[White "Simon, Tessa"]
[Black "Schamber, Dennis"]
[Result "0-1"]
[Termination "normal"]
[Board "37"]
[WhiteElo "1438"]
[BlackElo "1108"]
[PlyCount "142"]
[WhiteFideId "12929395"]
[BlackFideId "12952176"]
[EventCountry "GER"]
[EventRounds "11"]
[EventType "swiss"]
[EventDate "2012.05.26"]

1. e4 d5 2. exd5 Qxd5 3. Nc3 Qa5 4. d4 c6 5. Nf3 Nf6 6. Bc4 Bg4 7. Bd2 Qc7 8.
O-O e6 9. Re1 Bd6 10. h3 Bh5 11. Ne4 Nxe4 12. Rxe4 Nd7 13. Bc3 O-O-O 14. b4 Nb6
15. Bb3 Nd5 16. Bxd5 cxd5 17. Rh4 Qxc3 18. Rxh5 Qxb4 19. a3 Qa4 20. Qd3 g6 21.
Rh4 Kb8 22. Nd2 Rc8 23. Nb3 Qc4 24. Qe3 Qc3 25. Qxc3 Rxc3 26. Ra2 h5 27. g4 g5
28. Rxh5 Rxh5 29. gxh5 Rxh3 30. Na5 Rxh5 31. Rb2 b6 32. Rb3 Ka8 33. Nc6 Rh8 34.
Rb2 Rc8 35. Nb4 a5 36. Nd3 Kb7 37. a4 Rc4 38. Nc1 Rxd4 39. Nb3 Rxa4 40. Kg2 Rb4
41. Ra2 f5 42. Ra1 a4 43. Nd2 b5 44. Nf3 Kc6 45. Kf1 Bf4 46. Ne1 e5 47. Nd3 Rc4
48. Ra2 e4 49. Ne1 Kc5 50. Ng2 Rc3 51. Ne1 a3 52. Ng2 b4 53. Ne1 Kc4 54. Ke2 b3
55. cxb3+ Rxb3 56. Kf1 Be5 57. Kg1 Rb2 58. Ra1 Bc3 59. Kf1 Bxe1 60. Kxe1 a2 61.
f3 Rb1+ 62. Rxb1 axb1=Q+ 63. Kf2 exf3 64. Kxf3 Qe4+ 65. Kf2 Qd3 66. Kg2 Qe3 67.
Kh1 Qe2 68. Kg1 Kd4 69. Kh1 Ke4 70. Kg1 Kf3 71. Kh1 Qg2# 0-1

[Event "DEM U12 2012"]
[Site "Oberhof GER"]
[Date "2012.05.28"]
[Round "4"]
[White "Denkert, Anna"]
[Black "Ley, Sabrina"]
[Result "0-1"]
[Termination "normal"]
[Board "38"]
[WhiteElo "1519"]
[BlackElo "1334"]
[PlyCount "52"]
[WhiteFideId "12938122"]
[BlackFideId "12938130"]
[EventCountry "GER"]
[EventRounds "11"]
[EventType "swiss"]
[EventDate "2012.05.26"]

1. e4 e6 2. d4 d5 3. exd5 exd5 4. c4 c6 5. Nc3 Bd6 6. cxd5 cxd5 7. Nxd5 Bxh2 8.
Bb5+ Nc6 9. Qe2+ Be6 10. Rxh2 Qxd5 11. Nf3 Nge7 12. Be3 a6 13. Bd3 Bf5 14. a3
Bg6 15. Bxg6 fxg6 16. Ng5 h6 17. Rd1 O-O-O 18. Qg4+ Nf5 19. Nf3 Rhe8 20. Rd2
Qe6 21. Qh3 Kb8 22. Re2 Ka8 23. Ng1 Qd6 24. Nf3 Ncxd4 25. Nxd4 Nxd4 26. Bxd4
Qxd4 0-1

[Event "DEM U12 2012"]
[Site "Oberhof GER"]
[Date "2012.05.28"]
[Round "4"]
[White "Heldt, Nils-Lennart"]
[Black "Kummer, Birte"]
[Result "1-0"]
[Termination "normal"]
[Board "39"]
[WhiteElo "1408"]
[BlackElo "963"]
[PlyCount "39"]
[WhiteFideId "12952109"]
[BlackFideId "12952214"]
[EventCountry "GER"]
[EventRounds "11"]
[EventType "swiss"]
[EventDate "2012.05.26"]

1. d4 d5 2. c4 e6 3. Nc3 Nf6 4. Bf4 Bd6 5. Bg3 O-O 6. e3 c5 7. Bh4 dxc4 8. Bxc4
Be7 9. Nf3 b6 10. Qe2 Bb7 11. Rd1 Qc7 12. Nb5 Qc6 13. Bxf6 Bxf6 14. d5 exd5 15.
Bxd5 Qc8 16. Nd6 Ba6 17. Nxc8 Bxe2 18. Kxe2 Rxc8 19. Bxa8 Bxb2 20. Rd2 1-0

[Event "DEM U12 2012"]
[Site "Oberhof GER"]
[Date "2012.05.28"]
[Round "4"]
[White "Hacklinger, Dilan"]
[Black "Özkan, Afet-Ekin"]
[Result "0-1"]
[Termination "normal"]
[Board "40"]
[WhiteElo "1151"]
[BlackElo "1406"]
[PlyCount "65"]
[WhiteFideId "12952150"]
[BlackFideId "12952117"]
[EventCountry "GER"]
[EventRounds "11"]
[EventType "swiss"]
[EventDate "2012.05.26"]

1. c4 Nf6 2. Nc3 d6 3. g3 g6 4. Bg2 Bg7 5. Nf3 c5 6. d3 O-O 7. O-O Nc6 8. Rb1
Rb8 9. a3 a5 10. a4 b6 11. b3 Ne8 12. Nb5 Nc7 13. Nxc7 Qxc7 14. Qd2 Bb7 15. Bb2
Rbd8 16. Bxg7 Kxg7 17. e4 Ba6 18. Qc3+ e5 19. Rbd1 h6 20. Rfe1 Bc8 21. Rc1 Nb4
22. Qd2 f5 23. exf5 Bxf5 24. Re3 Rde8 25. Rce1 g5 26. d4 Nc2 27. R3e2 Nxe1 28.
Qxe1 Bg6 29. dxe5 Qe7 30. Re3 g4 31. exd6 Qxd6 32. Rxe8 Rxe8 33. Qxe8 0-1

[Event "DEM U12 2012"]
[Site "Oberhof GER"]
[Date "2012.05.28"]
[Round "4"]
[White "Schluckner, Paul-Leopold"]
[Black "Wallat, Jessica"]
[Result "1-0"]
[Termination "normal"]
[Board "41"]
[WhiteElo "1110"]
[BlackElo "1596"]
[PlyCount "123"]
[WhiteFideId "12952168"]
[BlackFideId "12909637"]
[EventCountry "GER"]
[EventRounds "11"]
[EventType "swiss"]
[EventDate "2012.05.26"]

1. e4 e5 2. Nf3 Nc6 3. Bc4 Bc5 4. c3 Nf6 5. d3 d6 6. Bb3 h6 7. Nbd2 Bg4 8. Nf1
Qd7 9. Ng3 O-O 10. h3 Be6 11. Bc2 Rad8 12. O-O Nh7 13. d4 Bc4 14. Bd3 Bxd3 15.
Qxd3 Bb6 16. Be3 exd4 17. Nxd4 Ne5 18. Qe2 Rfe8 19. f4 Nc6 20. Qf3 Nxd4 21.
Bxd4 Bxd4+ 22. cxd4 d5 23. e5 Qa4 24. Qc3 Rc8 25. b3 Qb5 26. a4 Qd7 27. Rac1 c6
28. Qd3 b6 29. Nh5 g6 30. Ng3 c5 31. dxc5 bxc5 32. Rfd1 d4 33. Ne4 Re7 34. Rxc5
Rxc5 35. Nxc5 Qd5 36. Ne4 Rd7 37. Rc1 Kg7 38. Rc5 Qb7 39. Rc4 Qb6 40. Nd6 Rc7
41. Ne8+ Kg8 42. Nxc7 Kg7 43. e6 fxe6 44. Qxd4+ Qxd4+ 45. Rxd4 Kf7 46. Rd7+ Kg8
47. Rxh7 Kxh7 48. Nxe6 Kg8 49. Kf2 Kf7 50. Nd4 Kf6 51. Ke3 g5 52. Nc6 Ke6 53.
Nxa7 gxf4+ 54. Kxf4 Kf6 55. g4 Kg6 56. h4 h5 57. gxh5+ Kxh5 58. b4 Kxh4 59. b5
Kh5 60. b6 Kg6 61. b7 Kf7 62. b8=Q 1-0

[Event "DEM U12 2012"]
[Site "Oberhof GER"]
[Date "2012.05.28"]
[Round "4"]
[White "ter Stal, Esther"]
[Black "Fromm, Katja"]
[Result "0-1"]
[Termination "normal"]
[Board "43"]
[WhiteElo "984"]
[BlackElo "1367"]
[PlyCount "60"]
[WhiteFideId "12944467"]
[BlackFideId "12929409"]
[EventCountry "GER"]
[EventRounds "11"]
[EventType "swiss"]
[EventDate "2012.05.26"]

1. d4 Nf6 2. Nf3 e6 3. Nbd2 b6 4. e4 Bb7 5. Bd3 d5 6. e5 Nfd7 7. O-O c5 8. c3
Nc6 9. Re1 c4 10. Bb1 g6 11. Nf1 Bg7 12. Ng3 O-O 13. Bd2 b5 14. Qc1 a5 15. Bh6
b4 16. Bxg7 Kxg7 17. Qf4 a4 18. Bc2 a3 19. Rab1 bxc3 20. bxc3 Bc8 21. Rb5 Ba6
22. Rbb1 Qa5 23. Qd2 Rab8 24. Rxb8 Rxb8 25. Rb1 Rb2 26. Rxb2 axb2 27. Bb1 Qb5
28. Nh5+ gxh5 29. Qg5+ Kf8 30. Qd8+ Nxd8 0-1

[Event "DEM U12 2012"]
[Site "Oberhof GER"]
[Date "2012.05.28"]
[Round "4"]
[White "Zimmer, Luca"]
[Black "Peters, Theresa"]
[Result "0-1"]
[Termination "normal"]
[Board "44"]
[WhiteElo "1051"]
[BlackElo "1070"]
[PlyCount "132"]
[WhiteFideId "12921424"]
[BlackFideId "12952192"]
[EventCountry "GER"]
[EventRounds "11"]
[EventType "swiss"]
[EventDate "2012.05.26"]

1. e4 c6 2. d4 d5 3. exd5 cxd5 4. Bd3 Nf6 5. c3 Nc6 6. Bf4 e6 7. Nf3 Bd6 8.
Bxd6 Qxd6 9. O-O O-O 10. Re1 Re8 11. Ne5 Bd7 12. Nd2 Qc7 13. Ndf3 Nxe5 14. Nxe5
Qb6 15. Qc2 Bb5 16. c4 dxc4 17. Nxc4 Qxd4 18. Rad1 Qc5 19. Re5 Qc6 20. b3 Bxc4
21. Bxc4 Rac8 22. Qd3 Qc7 23. Rg5 Red8 24. Qe2 Ne4 25. Rxd8+ Qxd8 26. Rg4 Nf6
27. Rg3 b5 28. Rd3 Qb6 29. Bxb5 Rc1+ 30. Rd1 Rxd1+ 31. Qxd1 Qxb5 32. h3 g6 33.
Qf3 Nd5 34. Qg3 Qa5 35. Qe5 Qxa2 36. g4 a5 37. g5 Qxb3 38. f4 Qd1+ 39. Kg2 Qd3
40. Qb8+ Kg7 41. Qe5+ f6 42. gxf6+ Nxf6 43. Qc7+ Kh6 44. Qxa5 Qd5+ 45. Qxd5
exd5 46. Kf3 d4 47. Ke2 Kh5 48. Kd3 Kh4 49. Kxd4 Kxh3 50. Ke5 Nd7+ 51. Ke6 Kg4
52. Kxd7 Kxf4 53. Ke6 g5 54. Kf6 g4 55. Kg7 g3 56. Kxh7 g2 57. Kg6 g1=Q+ 58.
Kf6 Qc5 59. Ke6 Qe5+ 60. Kd7 Qf6 61. Kc7 Ke5 62. Kb7 Kd5 63. Kc7 Qc6+ 64. Kd8
Qb7 65. Ke8 Ke6 66. Kf8 Qf7# 0-1

[Event "DEM U12 2012"]
[Site "Oberhof GER"]
[Date "2012.05.28"]
[Round "4"]
[White "Du, Katharina"]
[Black "Shevelko, Alexander"]
[Result "1/2-1/2"]
[Termination "normal"]
[Board "45"]
[WhiteElo "1275"]
[BlackElo "1373"]
[PlyCount "40"]
[WhiteFideId "12945757"]
[BlackFideId "12952125"]
[EventCountry "GER"]
[EventRounds "11"]
[EventType "swiss"]
[EventDate "2012.05.26"]

1. e4 c6 2. d4 d5 3. exd5 cxd5 4. Bd3 Nc6 5. c3 Nf6 6. Bf4 e6 7. Nf3 Bd6 8.
Bxd6 Qxd6 9. O-O O-O 10. Nbd2 Rd8 11. Re1 b6 12. Ne5 Qc7 13. Ndf3 h6 14. Nxc6
Qxc6 15. Ne5 Qc7 16. Qf3 Bb7 17. Ng4 Nxg4 18. Qxg4 Qe7 19. Re3 Rac8 20. Rae1 a6
1/2-1/2

[Event "DEM U12 2012"]
[Site "Oberhof GER"]
[Date "2012.05.28"]
[Round "4"]
[White "Lohrmann, Tabea"]
[Black "Kolchugina, Lada"]
[Result "0-1"]
[Termination "normal"]
[Board "46"]
[WhiteElo "1339"]
[BlackElo "1074"]
[PlyCount "102"]
[WhiteFideId "12911941"]
[BlackFideId "12929743"]
[EventCountry "GER"]
[EventRounds "11"]
[EventType "swiss"]
[EventDate "2012.05.26"]

1. e4 e5 2. Nf3 Nc6 3. d4 exd4 4. Bc4 Nf6 5. Bg5 h6 6. Bxf6 Qxf6 7. c3 Bc5 8.
O-O O-O 9. Qd3 d6 10. Rd1 dxc3 11. Nxc3 Qg6 12. Nh4 Qf6 13. Qg3 Nd4 14. Nd5 Qe6
15. Rac1 Rb8 16. Re1 b5 17. Bd3 c6 18. Nf4 Qe7 19. Nf5 Nxf5 20. exf5 Qg5 21.
Qxg5 hxg5 22. Nh3 f6 23. Re7 Rb7 24. Rxb7 Bxb7 25. Re1 Bd4 26. b3 a6 27. g3 c5
28. Kf1 d5 29. Rc1 Rc8 30. Ng1 c4 31. bxc4 dxc4 32. Be2 Be4 33. g4 c3 34. Nf3
Bb6 35. Ke1 Ba5 36. Nd4 Bg2 37. f3 Rc7 38. Ne6 c2+ 39. Kf2 Bd2 40. Nxc7 Bxc1
41. Bd3 Be3+ 42. Kxe3 c1=Q+ 43. Ke2 Qf1+ 44. Kd2 Qxf3 45. Nxa6 Qf4+ 46. Kc3
Qxg4 47. Bxb5 Qxf5 48. Bc4+ Kf8 49. a4 Qh3+ 50. Kb4 Qxh2 51. Kc5 g4 0-1